| 000 | 01188nam a22003497a 4500 | ||
|---|---|---|---|
| 003 | CHAP | ||
| 005 | 20220329140448.0 | ||
| 008 | 971013s1971 r 00010 d | ||
| 010 | _a52334 | ||
| 011 | _a53306 | ||
| 035 | _a57456 | ||
| 040 | _cCHAP | ||
| 082 |
_a634.25 _bP6 |
||
| 100 | 0 | 0 |
_aPorta Montserrat, Pedro. _990967 |
| 245 |
_aMelocotonero _b: guía práctica de tratamientos |
||
| 260 |
_aLérida, España : _bDilagro, _c1971 |
||
| 300 |
_a180 p. _b: ilus. ; gráfs. ; láms. |
||
| 490 | _aPlagas y Enfermedades de los frutales | ||
| 590 |
_aBATCH-UPD _b10 _c20130110 _lUCH01 _h0448 |
||
| 590 |
_aBATCH-UPD _b10 _c20130110 _lUCH01 _h2256 |
||
| 590 |
_aBATCH-UPD _b10 _c20130410 _lUCH01 _h0125 |
||
| 590 |
_aBATCH-UPD _b10 _c20130914 _lUCH01 _h0519 |
||
| 590 |
_aCONVERSION _b10 _c20130109 _lUCH01 _h1328 |
||
| 650 | 1 | 4 |
_aDurazno. _934570 |
| 700 | 0 |
_aBadia Serentill, Manuel. _99352 |
|
| 700 | 0 |
_aMitjana Berdie, José. _976245 |
|
| 830 | 0 |
_aPlagas y Enfermedades de los frutales _988639 |
|
| 901 | _aBK | ||
| 942 | _cLIBRO | ||
| 949 |
_a634.25 P6 _bBC _cLIBRO _d-124986 _eLIBRO _h38416 _i57456 _si _t93.75 |
||
| 949 |
_a634.25 P6 _bBC _cLIBRO _d-124987 _eLIBRO _fc.2 _h38417 _i57456 _si _t93.75 |
||
| 999 |
_c52334 _d52334 |
||